Religion und Kirche als Unterhaltung?
| Main Author: | |
|---|---|
| Format: | Print Article |
| Language: | German |
| Check availability: | HBZ Gateway |
| Interlibrary Loan: | Interlibrary Loan for the Fachinformationsdienste (Specialized Information Services in Germany) |
| Published: |
2005
|
| In: |
Stimmen der Zeit
Year: 2005, Volume: 223, Issue: 7, Pages: 488-492 |
| Standardized Subjects / Keyword chains: | B
Religion
/ Entertainment
/ Television (motif)
B Religion (Motif) / Television series |
| RelBib Classification: | AD Sociology of religion; religious policy CD Christianity and Culture RH Evangelization; Christian media |
| Parallel Edition: | Electronic
|
MARC
| LEADER | 00000caa a22000002c 4500 | ||
|---|---|---|---|
| 001 | 582372194 | ||
| 003 | DE-627 | ||
| 005 | 20260225080027.0 | ||
| 007 | tu | ||
| 008 | 160405s2005 xx ||||| 00| ||ger c | ||
| 035 | |a (DE-627)582372194 | ||
| 035 | |a (DE-576)466647298 | ||
| 035 | |a (DE-599)GBV582372194 | ||
| 040 | |a DE-627 |b ger |c DE-627 |e rakwb | ||
| 041 | |a ger | ||
| 084 | |a 1 |2 ssgn | ||
| 100 | 1 | |e VerfasserIn |0 (DE-588)12140157X |0 (DE-627)081283814 |0 (DE-576)166129119 |4 aut |a Hurth, Elisabeth |d 1961- | |
| 109 | |a Hurth, Elisabeth 1961- | ||
| 245 | 1 | 0 | |a Religion und Kirche als Unterhaltung? |c Elisabeth Hurth |
| 246 | 3 | 0 | |a Religion / Motiv ; Fernsehserie |
| 246 | 3 | 0 | |a Religion ; Unterhaltung ; Fernsehen |
| 264 | 1 | |c 2005 | |
| 336 | |a Text |b txt |2 rdacontent | ||
| 337 | |a ohne Hilfsmittel zu benutzen |b n |2 rdamedia | ||
| 338 | |a Band |b nc |2 rdacarrier | ||
| 500 | |a Aufsatz | ||
| 500 | |a Literaturverz. S. 492 | ||
| 652 | |a AD:CD:RH | ||
| 689 | 0 | 0 | |d s |0 (DE-588)4049396-9 |0 (DE-627)106187155 |0 (DE-576)209081880 |2 gnd |a Religion |
| 689 | 0 | 1 | |d s |0 (DE-588)4186996-5 |0 (DE-627)104115262 |0 (DE-576)210042958 |2 gnd |a Unterhaltung |
| 689 | 0 | 2 | |d s |0 (DE-588)4016825-6 |0 (DE-627)106331833 |0 (DE-576)208917446 |2 gnd |a Fernsehen |
| 689 | 0 | |5 (DE-627) | |
| 689 | 1 | 0 | |d s |0 (DE-588)4207560-9 |0 (DE-627)105119164 |0 (DE-576)210181516 |2 gnd |a Religion |g Motiv |
| 689 | 1 | 1 | |d s |0 (DE-588)4154072-4 |0 (DE-627)105526150 |0 (DE-576)209808438 |2 gnd |a Fernsehserie |
| 689 | 1 | |5 (DE-627) | |
| 773 | 0 | 8 | |i In |t Stimmen der Zeit |d Freiburg, Br. : Herder, 1914 |g 223(2005), 7, Seite 488-492 |w (DE-627)12948590X |w (DE-600)205159-X |w (DE-576)014876671 |x 0039-1492 |7 nnas |
| 773 | 1 | 8 | |g volume:223 |g year:2005 |g number:7 |g pages:488-492 |
| 776 | 0 | 8 | |i Reproduziert als |a Hurth, Elisabeth, 1961 - |t Religion und Kirche als Unterhaltung? |d 2005 |w (DE-627)1962470660 |k Electronic |
| 889 | |w (DE-627)1864447044 | ||
| 935 | |a mteo |a DTH5 | ||
| 935 | |i mdedup | ||
| 935 | |i Blocktest | ||
| 951 | |a AR | ||
| ELC | |b 1 | ||
| ITA | |a 1 |t 1 | ||
| LOK | |0 000 xxxxxcx a22 zn 4500 | ||
| LOK | |0 001 3315575134 | ||
| LOK | |0 003 DE-627 | ||
| LOK | |0 004 582372194 | ||
| LOK | |0 005 20160405145633 | ||
| LOK | |0 008 160404||||||||||||||||ger||||||| | ||
| LOK | |0 040 |a DE-Tue135 |c DE-627 |d DE-Tue135 | ||
| LOK | |0 092 |o n | ||
| LOK | |0 852 |a DE-Tue135 | ||
| LOK | |0 852 1 |9 00 | ||
| LOK | |0 935 |a ixzs |a ixmi | ||
| LOK | |0 936ln |0 1442043857 |a CD | ||
| LOK | |0 936ln |0 1442043016 |a AD | ||
| LOK | |0 936ln |0 1442053224 |a RH | ||
| LOK | |0 939 |a 04-04-16 |b l01 | ||
| ORI | |a TA-MARC-ixtheoa001.raw | ||
| REL | |a 1 | ||
| STA | 0 | 0 | |a Entertainment,Religion,Religion in literature,Religions,Religion,Television (motif),Television,Television broadcasting,Television in art,Television series,Television serial |
| STB | 0 | 0 | |a Divertissement,Religion,Religions,Religion,Série télévisée,Télévision (motif),Télévision |
| STC | 0 | 0 | |a Diversión,Religión,Religión,Religión,Serie de TV,Televisión |
| STD | 0 | 0 | |a Divertimento,Religione,Religione,Religione,Serie televisiva,Televisione |
| STE | 0 | 0 | |a 娱乐,消遣,宗教,宗教,电视,电视连续剧 |
| STF | 0 | 0 | |a 娛樂,消遣,宗教,宗教,電視,電視連續劇 |
| STG | 0 | 0 | |a Diversão,Religião,Religião,Seriado de TV,Televisão |
| STH | 0 | 0 | |a Развлечение,Разговор,Религия,Религия (мотив),Телевидение,Телесериал |
| STI | 0 | 0 | |a Θρησκεία,Θρησκεία (μοτίβο),Τηλεοπτική σειρά,Τηλεόραση,Ψυχαγωγία,Διασκέδαση |
| SUB | |a REL | ||
| SYG | 0 | 0 | |a Religion,Mystik,Mythologie , Television,TV,Fernseh-Rundfunk , Religion,Mystik,Mythologie , Fernsehsendung,TV-Serie,TV |



